World Cup Winners - Statistiques

Statistiques générales
  • Ce quiz a été pris 60 fois
  • Le résultat moyen est 11 sur 15
Statistiques - réponses
Hint Réponse % Correct
1998 France
100%
2018 France
100%
2006 Italy
90%
1930 Uruguay
88%
1950 Uruguay
88%
1978 Argentina
81%
2022 Argentina
81%
2014 Germany
79%
1958 Brazil
77%
1994 Brazil
77%
1962 Brazil
77%
2010 Spain
77%
1966 England
75%
1954 West Germany
17%
1974 West Germany
17%
Aucun quiz correspondant
Distribution des résultats
% des personnes avec chaque résultat
Percentile par nombre de réponses
Votre historique - résultats
Vous n’avez pas pris ce quiz